Culture Générale - Série 186 - Statistiques

Statistiques générales
  • Ce quiz a été pris 287 fois
  • Le résultat moyen est 5 sur 10
Statistiques - réponses
Question Réponse % Correct
Qui appelez-vous en composant le 15 ? Le SAMU
91%
Quel nom porte actuellement l'ancienne ville de Leningrad ? Saint-Pétersbourg
83%
Dans quel fleuve la rivière Ariège se jette-t-elle ? La Garonne
77%
Que désignent les 4e et 5e chiffres de notre numéro de Sécurité sociale ? Le Mois de naissance
66%
Quel nom porte le cageot servant au transport des huîtres ? La bourriche
51%
Quel est le prénom du père de Vincent Cassel ? Jean-Pierre
40%
Qui partage les aventures de Sylvette, dans la BD créée par Maurice Cuvillier ? Sylvain
35%
Quelle est la profession de Bill Cosby dans le "Cosby Show" ? Médecin
26%
De quel groupe des années 70 Gérard Blanc a-t-il été le chanteur ? Martin Circus
21%
Quel réalisateur a révélé Sandrine Bonnaire dans "A nos amours" ? Maurice Pialat
21%
Aucun quiz correspondant
Distribution des résultats
% des personnes avec chaque résultat
Percentile par nombre de réponses
Votre historique - résultats
Vous n’avez pas pris ce quiz